| 000 | 00848nam a22002537a 4500 | ||
|---|---|---|---|
| 001 | 0002387 | ||
| 003 | DO-SdBNP | ||
| 005 | 20180122102619.0 | ||
| 007 | 0002387 | ||
| 008 | 160617b 1987 flu xxu||||| |||| 00| 0 spa d | ||
| 020 | _a0816399107 | ||
| 040 |
_aBPMSU _bspa _cBPMSU |
||
| 041 | 1 | 7 |
_aspa _heng |
| 092 |
_axxxxx _bxxxxx |
||
| 240 |
_aFrom heaven with love. _lEspañol |
||
| 245 | 1 | 0 |
_aDel cielo con amor : _bWhite / _ctraducción ; Fernando Chaij |
| 260 |
_aBogotá : _bAsociación Publicadora Interamericana, _c1987. |
||
| 300 |
_a556 p. ; _c18 cm. |
||
| 500 | _aEl texto completo de esta famosa obra se ha publicado en español con el título de El Deseado de todas las gentes. | ||
| 700 | 1 | 2 |
_aChaij, Fernando, _etr. |
| 942 |
_2ddc _cBK |
||
| 945 | _ainventariado, 2018 / dg | ||
| 956 |
_2LOPEREZ _310 _620160617 _8BPMSU _a00041 |
||
| 999 |
_c10426 _d10426 |
||